Quiz de países - Múltipla escolha - Statistics

Estatísticas Gerais
  • Esse quiz foi jogado 519 vezes
    128 desde o último reset
  • A pontuação média é 8 de 15
Estatísticas das Respostas
Questão Resposta % Correto
Onde apareceu o primeiro McDonald´s do mundo? Estados Unidos
94%
Onde fica a Escandinávia? Na atual região da Dinamarca, Suécia e Noruega
86%
Qual desses países não fica na Oceania? Brunei
83%
Quantas copas do mundo o Uruguai conquistou? 2
74%
Qual é o país mais populoso da África? Nigéria
69%
Qual desses países citados abaixo tem mais de um nome correto? Myanmar
66%
Qual desses países não tem um país cercado dentro de um país só? Essuatíni
63%
Onde fica Yucatán? México
60%
Em que ano a América foi descoberta? 1492
54%
Qual desse países é uma ilha? Sri Lanka
49%
Questão extra: Qual desses lugares tem roxo na bandeira? Dominica
37%
De qual país foi originado o macarrão? China
31%
Qual foi o principal aliado do Vietnã do Norte na Guerra do Vietnã? China
29%
Quantos países existem na América Central? 20
26%
Qual dessas cidades é a mais antiga? São Paulo
3%
Nenhum quiz correspondente encontrado
Distribuição das Pontuações
Porcentagem de Pessoas com Cada Pontuação
Percentil de Números Respondidos
Sua Pontuação Histórica
Você não jogou esse quiz desde o último reset